[Event "World Cup Winners' Defence"]
[Site "SchemingMind.com"]
[Date "2018.08.17"]
[Round "-"]
[White "smothered mate"]
[Black "white bishop"]
[Result "1-0"]
[WhiteCountry "POL"]
[BlackCountry "PHI"]
[WhiteElo "2132"]
[WhiteRD "91"]
[BlackElo "1965"]
[BlackRD "84"]
[GameID "431376"]

1. e4 e6 2. d4 d5 3. Nc3 Nf6 4. Bg5 dxe4 5. Nxe4 Be7 6. Nxf6+ Bxf6 7. Bxf6 Qxf6 8. Nf3 O-O 9. Bd3 c5 10. O-O cxd4
11. Nxd4 Rd8 12. Nf3 Na6 13. Qe2 Nc5 14. Rad1 b6 15. Bb5
1-0

[Event "World Cup Winners' Defence"]
[Site "SchemingMind.com"]
[Date "2018.08.17"]
[Round "-"]
[White "white bishop"]
[Black "smothered mate"]
[Result "0-1"]
[WhiteCountry "PHI"]
[BlackCountry "POL"]
[WhiteElo "1965"]
[WhiteRD "84"]
[BlackElo "2132"]
[BlackRD "91"]
[GameID "431377"]

1. e4 e6 2. d4 d5 3. Nc3 Bb4 4. e5 c5 5. a3 Bxc3+ 6. bxc3 Ne7 7. Qg4 Qc7 8. Qxg7 Rg8 9. Qxh7 cxd4 10. Ne2 Nbc6
11. f4 Bd7 12. Qd3 dxc3 13. Qxc3 Nf5 14. Ng3 d4
0-1

[Event "World Cup Winners' Defence"]
[Site "SchemingMind.com"]
[Date "2018.09.01"]
[Round "-"]
[White "smothered mate"]
[Black "Johnny Owens"]
[Result "1/2-1/2"]
[WhiteCountry "POL"]
[BlackCountry "USA"]
[WhiteElo "2205"]
[WhiteRD "85"]
[BlackElo "2174"]
[BlackRD "76"]
[GameID "432059"]

1. e4 e6 2. d4 d5 3. Nc3 dxe4 4. Nxe4 Nd7 5. Bd3 Ngf6 6. Nf3 Nxe4 7. Bxe4 Nf6 8. Bd3 c5 9. dxc5 Bxc5 10. O-O O-O
11. Bf4 b6 12. Qe2 Bb7 13. Rad1 Qe7 14. Rfe1 h6 15. c3 Rad8 16. Ne5 Ba8 17. h3 Qb7 18. Qf1 Qe7 19. Qe2 Qb7 20. Nf3 b5
21. b4 Bb6 22. Be5 Qe7 23. a3 a6 24. Bc2 Qb7 25. a4 Bc7 26. Bd4 bxa4 27. Bxa4 Nh5 28. Bc2 Nf4 29. Qe4 Qxe4 30. Bxe4 e5
31. Bxe5 Rxd1 32. Rxd1 Ne2+ 33. Kf1 Nxc3 34. Ra1 Bxe4 35. Bxc7 Rc8 36. Be5 Nd5 37. Bd6 Bxf3 38. gxf3 Rc6 39. Bc5 Nf4 40. Be3 Nxh3
41. f4 Rc4 42. Rxa6 Rxb4 43. f5 f6 44. Kg2 Ng5 45. Ra8+ Kh7 46. Kg3 Nf7 47. Ra7 Nd6 48. Ra5 h5 49. Rd5 Nf7 50. Rc5 Rg4+
51. Kh2 Nh6 52. Bc1 Rd4 53. Kg2 Ng4 54. Ra5 Rd1 55. Bf4 Rd4 56. Bc1 Rc4 57. Bd2 Re4 58. Kf3 Rd4 59. Be3 Ne5+ 60. Ke2 Rc4
61. Rd5 Ra4 62. Rd4 Rxd4 63. Bxd4 Ng4 64. Kf3 Kh6 65. Kf4 Ne5 66. Ba7 h4 67. Bb8 Nc6 68. Bd6 Kh5 69. Bc5 Ne5 70. Bd6 Ng4
71. Bc5 Ne5 72. Bd6 Ng4 73. Bc5 h3 74. Kg3 h2 75. Kg2 Nh6 76. Kxh2 Nxf5 77. f3 Kg5 78. Kg2 g6=
1/2-1/2

[Event "World Cup Winners' Defence"]
[Site "SchemingMind.com"]
[Date "2018.09.01"]
[Round "-"]
[White "Johnny Owens"]
[Black "smothered mate"]
[Result "1-0"]
[WhiteCountry "USA"]
[BlackCountry "POL"]
[WhiteElo "2411"]
[WhiteRD "74"]
[BlackElo "2236"]
[BlackRD "77"]
[GameID "432060"]

1. e4 e6 2. d4 d5 3. e5 c5 4. c3 Nc6 5. Nf3 cxd4 6. cxd4 f6 7. Bb5 Bd7 8. Bxc6 bxc6 9. O-O c5 10. Re1 fxe5
11. Nxe5 Nf6 12. Bg5 cxd4 13. Bxf6 gxf6 14. Qh5+ Ke7 15. Qf7+ Kd6 16. Nxd7 Qxd7 17. Qxf6 Bg7 18. Qf3 e5 19. Nd2 Rae8 20. Qg3 Rhg8
21. Rac1 Bf6 22. Qa3+ Ke6 23. Rc5 Kf7 24. Qf3 Rc8 25. Rxd5 Qg4 26. Qxg4 Rxg4 27. g3 Rc2 28. Ne4 Rxb2 29. Nxf6 Kxf6 30. Rdxe5 Rxa2
31. Re6+ Kg7 32. Re7+ Kh6 33. Rd7 d3 34. Ree7 d2 35. Rxh7+ Kg6 36. Rhg7+ Kf5 37. Rxg4 Kxg4 38. Kg2 Kf5 39. Kf3 a5 40. Ke3 Ra3+
41. Kxd2 Ra2+ 42. Ke3
1-0

[Event "World Cup Winners' Defence"]
[Site "SchemingMind.com"]
[Date "2018.09.02"]
[Round "-"]
[White "white bishop"]
[Black "Johnny Owens"]
[Result "0-1"]
[WhiteCountry "PHI"]
[BlackCountry "USA"]
[WhiteElo "1965"]
[WhiteRD "84"]
[BlackElo "2348"]
[BlackRD "73"]
[GameID "432061"]

1. e4 e6 2. d4 d5 3. Nc3 dxe4 4. Nxe4 Nd7 5. Nf3 Ngf6 6. Nxf6+ Nxf6 7. c3 c5 8. Be3 Be7 9. dxc5 Qc7 10. Qd4 O-O
0-1

[Event "World Cup Winners' Defence"]
[Site "SchemingMind.com"]
[Date "2018.09.02"]
[Round "-"]
[White "Johnny Owens"]
[Black "white bishop"]
[Result "1-0"]
[WhiteCountry "USA"]
[BlackCountry "PHI"]
[WhiteElo "2348"]
[WhiteRD "73"]
[BlackElo "1965"]
[BlackRD "84"]
[GameID "432062"]

1. e4 e6 2. d4 d5 3. e5 c5 4. c3 Nc6 5. Nf3 Bd7 6. Be2 Nge7 7. O-O Ng6 8. Be3 Rc8 9. g3 h5 10. Bd3 Be7
11. a3
1-0

[Event "World Cup Winners' Defence"]
[Site "SchemingMind.com"]
[Date "2018.09.09"]
[Round "-"]
[White "smothered mate"]
[Black "flyinduck"]
[Result "1-0"]
[WhiteCountry "POL"]
[BlackCountry "CAN"]
[WhiteElo "2251"]
[WhiteRD "82"]
[BlackElo "2033"]
[BlackRD "62"]
[GameID "432257"]

1. e4 e6 2. d4 d5 3. Nc3 Bb4 4. e5 c5 5. a3 Bxc3+ 6. bxc3 Qa5 7. Bd2 Qa4 8. Qb1 c4 9. g3 Nc6 10. Bg2 Nge7
11. h4 b5 12. h5 h6 13. Ne2 Bd7 14. O-O Kd8 15. Qb2 Kc7 16. Rfb1 Rhb8 17. Qc1 Qa6 18. g4 Qc8 19. f4 a5 20. a4 b4
21. Qe1 bxc3 22. Bxc3 Qa6 23. Qg3 Rxb1+ 24. Rxb1 Rb8 25. Rxb8 Nxb8 26. f5 Bxa4 27. f6 Ng8 28. Bxd5 gxf6 29. exf6+ Kc8 30. Bf3 Nxf6
31. Qf4 Nbd7 32. Qxh6 Bxc2 33. Qg7 a4 34. g5 Nh7 35. Qxf7 a3 36. Nf4 Nxg5 37. Qg8+
1-0

[Event "World Cup Winners' Defence"]
[Site "SchemingMind.com"]
[Date "2018.09.08"]
[Round "-"]
[White "flyinduck"]
[Black "smothered mate"]
[Result "0-1"]
[WhiteCountry "CAN"]
[BlackCountry "POL"]
[WhiteElo "2033"]
[WhiteRD "62"]
[BlackElo "2251"]
[BlackRD "82"]
[GameID "432258"]

1. e4 e6 2. d4 d5 3. Nc3 Bb4 4. e5 c5 5. a3 Bxc3+ 6. bxc3 Ne7 7. Qg4 Qc7 8. Qxg7 Rg8 9. Qxh7 Nbc6 10. Bd3 cxd4
11. Ne2 Nxe5 12. cxd4 Nxd3+ 13. Qxd3 Rxg2 14. Bf4 Qa5+ 15. Kf1 Rg6 16. h4 b6 17. h5 Ba6 18. Qd2 Rg4 19. Qxa5 bxa5 20. Be3 Nf5
21. h6 Kf8 22. Ke1 Nxe3 23. fxe3 Rg2 24. Nf4 Rxc2 25. Kd1 Rb2 26. Rc1 Bc4 27. Nh5 Rc8 28. Ke1 Re2+ 29. Kd1 Rxe3 30. Rb1 Ke7
31. Rb7+ Kd6 32. h7 Rxa3 33. Kd2 Rd3+ 34. Ke1 Rh8 35. Rxf7 Rb8 36. Rxa7 Rb1+ 37. Kf2 Rb2+ 38. Ke1 Ra3 39. h8=Q Ra1#
0-1

[Event "World Cup Winners' Defence"]
[Site "SchemingMind.com"]
[Date "2018.09.06"]
[Round "-"]
[White "white bishop"]
[Black "flyinduck"]
[Result "0-1"]
[WhiteCountry "PHI"]
[BlackCountry "CAN"]
[WhiteElo "1965"]
[WhiteRD "84"]
[BlackElo "1985"]
[BlackRD "56"]
[GameID "432259"]

1. e4 e6 2. d4 d5 3. exd5 exd5 4. Nf3 Bd6 5. c4 c6 6. Nc3 Ne7 7. Bd3 dxc4 8. Bxc4 O-O 9. h3 Bf5 10. O-O Nd7
11. Bb3 Nb6 12. Re1 Ned5 13. Ne5 Qc7 14. Qh5 Bg6 15. Nxg6 fxg6
0-1

[Event "World Cup Winners' Defence"]
[Site "SchemingMind.com"]
[Date "2018.09.05"]
[Round "-"]
[White "flyinduck"]
[Black "white bishop"]
[Result "1-0"]
[WhiteCountry "CAN"]
[BlackCountry "PHI"]
[WhiteElo "1985"]
[WhiteRD "56"]
[BlackElo "1965"]
[BlackRD "84"]
[GameID "432260"]

1. e4 e6 2. d4 d5 3. Nc3 Bb4 4. e5 c5 5. a3 Bxc3+ 6. bxc3 Ne7 7. Qg4 O-O 8. Bd3 Nbc6 9. Qh5 Ng6 10. Nf3 Qc7
11. Be3 c4 12. Be2 Qa5 13. Kd2 Bd7 14. Ng5 h6 15. Nxf7 Kxf7 16. f4
1-0

[Event "World Cup Winners' Defence"]
[Site "SchemingMind.com"]
[Date "2018.09.05"]
[Round "-"]
[White "flyinduck"]
[Black "Johnny Owens"]
[Result "0-1"]
[WhiteCountry "CAN"]
[BlackCountry "USA"]
[WhiteElo "1997"]
[WhiteRD "58"]
[BlackElo "2342"]
[BlackRD "75"]
[GameID "432263"]

1. e4 e6 2. d4 d5 3. Nc3 dxe4 4. Nxe4 Nd7 5. Nf3 Ngf6 6. Bd3 c5 7. O-O Nxe4 8. Bxe4 Nf6 9. Bd3 cxd4 10. Nxd4 Bc5
11. Nf3 O-O 12. Bg5 b6 13. Ne5 Bb7 14. Bxf6 Qxf6 15. Qe2 Rad8 16. Rae1 Bd4 17. Ng4 Qg5 18. c3 Bc5 19. b4 Rxd3 20. bxc5 Rd2
21. h4 Qf4 22. g3 Qf5
0-1

[Event "World Cup Winners' Defence"]
[Site "SchemingMind.com"]
[Date "2018.09.06"]
[Round "-"]
[White "Johnny Owens"]
[Black "flyinduck"]
[Result "1-0"]
[WhiteCountry "USA"]
[BlackCountry "CAN"]
[WhiteElo "2360"]
[WhiteRD "72"]
[BlackElo "2033"]
[BlackRD "62"]
[GameID "432264"]

1. e4 e6 2. d4 d5 3. e5 c5 4. c3 Nc6 5. Nf3 Qb6 6. Be2 Bd7 7. O-O Nh6 8. Bxh6 gxh6 9. Qd2 Bg7 10. Na3 O-O
11. Nc2 f6 12. dxc5 Qxc5 13. exf6 Rxf6 14. c4 Rd8 15. cxd5 exd5 16. b4 Qd6 17. Rad1 Be8 18. b5 Ne5 19. Nxe5 Qxe5 20. g3 h5
21. Nd4 h4 22. Nf3 Qe4 23. Nxh4 d4 24. Bc4+ Kh8 25. Rde1 Qg4 26. Re7 Rh6 27. Be2 Qh3 28. Qg5
1-0

[Event "World Cup Winners' Defence"]
[Site "SchemingMind.com"]
[Date "2018.09.16"]
[Round "-"]
[White "Keithk"]
[Black "smothered mate"]
[Result "1-0"]
[WhiteCountry "ENG"]
[BlackCountry "POL"]
[WhiteElo "2544"]
[WhiteRD "64"]
[BlackElo "2083"]
[BlackRD "91"]
[GameID "432406"]

1. e4 e6 2. d4 d5 3. Nc3 Nf6 4. e5 Nfd7 5. f4 c5 6. Nf3 Nc6 7. Be3 a6 8. Qd2 cxd4 9. Nxd4 Nxd4 10. Bxd4 Bc5
11. O-O-O O-O 12. Qe3 Qc7 13. Bd3 Bxd4 14. Qxd4 b5 15. Rhe1 Rb8 16. f5 b4 17. f6 g6 18. Qh4 Qd8 19. Na4 Re8 20. Re3
1-0

[Event "World Cup Winners' Defence"]
[Site "SchemingMind.com"]
[Date "2018.09.13"]
[Round "-"]
[White "flyinduck"]
[Black "Keithk"]
[Result "0-1"]
[WhiteCountry "CAN"]
[BlackCountry "ENG"]
[WhiteElo "2023"]
[WhiteRD "52"]
[BlackElo "2561"]
[BlackRD "61"]
[GameID "432411"]

1. e4 e6 2. d4 d5 3. Nc3 Nf6 4. e5 Nfd7 5. Nce2 c5 6. c3 Nc6 7. f4 Be7 8. Nf3 O-O 9. Be3 f6 10. g3 fxe5
11. Nxe5 Ndxe5 12. dxe5 b6 13. Bh3 Qe8 14. O-O Qh5 15. Bg2 Ba6 16. Rf2 Rac8 17. Bf3 Qg6 18. Kg2 Bc4 19. b3 Bd3 20. Qd2 b5
21. Rd1 Bf5 22. h3 b4
0-1

[Event "World Cup Winners' Defence"]
[Site "SchemingMind.com"]
[Date "2018.09.13"]
[Round "-"]
[White "Keithk"]
[Black "flyinduck"]
[Result "1-0"]
[WhiteCountry "ENG"]
[BlackCountry "CAN"]
[WhiteElo "2540"]
[WhiteRD "61"]
[BlackElo "1985"]
[BlackRD "56"]
[GameID "432412"]

1. e4 e6 2. d4 d5 3. Nc3 Bb4 4. e5 c5 5. a3 Bxc3+ 6. bxc3 Qa5 7. Bd2 Qa4 8. Qg4 Kf8 9. Qd1 b6 10. dxc5 bxc5
11. c4 Ne7 12. cxd5 exd5 13. f4 Qe4+ 14. Kf2 Qd4+ 15. Be3 Qxd1 16. Rxd1 d4 17. Bd2 Bf5 18. Nf3 Nd7 19. c3 d3 20. c4 Nb6
21. Bc1 Rd8 22. Bxd3 Bxd3 23. Ne1 Nc6 24. Nxd3 Nxc4 25. Nxc5 Ke7 26. Ne4 Nd4 27. Nd6 Nxd6 28. Rxd4 Nf5 29. Rxd8 Rxd8 30. g4 Nd4
31. Rd1 Rc8 32. Rxd4 Rxc1 33. Ra4 Rc7 34. f5 g6 35. Ke3 f6 36. e6 Kd6 37. Kd4
1-0

[Event "World Cup Winners' Defence"]
[Site "SchemingMind.com"]
[Date "2018.09.16"]
[Round "-"]
[White "Johnny Owens"]
[Black "Keithk"]
[Result "0-1"]
[WhiteCountry "USA"]
[BlackCountry "ENG"]
[WhiteElo "2408"]
[WhiteRD "78"]
[BlackElo "2563"]
[BlackRD "66"]
[GameID "432413"]

1. e4 e6 2. d4 d5 3. e5 c5 4. c3 Nc6 5. Nf3 Qb6 6. a3 c4 7. Be2 Bd7 8. Nbd2 Na5 9. O-O Ne7 10. Re1 h6
11. Rb1 O-O-O 12. a4 Kb8 13. Qc2 Nb3 14. Nxb3 Bxa4 15. Nfd2 Nc6 16. Ra1 Bxb3 17. Nxb3 cxb3 18. Qd1 Na5 19. Bd3 Nc4 20. Qf3 Qc7
21. h4 h5 22. Bg5 Rd7 23. Bc1 a6 24. Ra4 Qc6 25. Ra1 Qb5 26. g3 a5 27. Rd1 a4 28. Bf1 Rc7 29. Rb1 Qe8 30. Bd3 Be7
31. Kg2 Qg8 32. Qf4 g6 33. Rh1 a3 34. bxa3 b2 35. Bxb2 g5 36. Qc1 gxh4 37. Rh3 Qf8 38. Qf4 Rg8 39. Bxc4 Rxc4 40. Rd1 Ka7
41. Rdh1 Qg7 42. Qc1 f5 43. exf6 Bxf6 44. Qd1 Qg6 45. Re1 hxg3 46. Rxg3 Qe8 47. Rxg8 Qxg8+ 48. Kf1 h4 49. Qf3 Bd8 50. Bc1 Ba5
51. Bd2 Rc7 52. Qd3 Rf7 53. Rxe6 Qg4 54. Re3 Bd8 55. Be1 Rg7 56. c4 dxc4 57. Qc3 b6 58. Qxc4 Qg2+ 59. Ke2 h3
0-1

[Event "World Cup Winners' Defence"]
[Site "SchemingMind.com"]
[Date "2018.09.16"]
[Round "-"]
[White "Keithk"]
[Black "Johnny Owens"]
[Result "1-0"]
[WhiteCountry "ENG"]
[BlackCountry "USA"]
[WhiteElo "2554"]
[WhiteRD "62"]
[BlackElo "2342"]
[BlackRD "75"]
[GameID "432414"]

1. e4 e6 2. d4 d5 3. Nc3 dxe4 4. Nxe4 Nd7 5. Nf3 Ngf6 6. Bd3 c5 7. O-O Nxe4 8. Bxe4 Nf6 9. Bg5 cxd4 10. Nxd4 Be7
11. Bf3 O-O 12. Qd3 Qb6 13. Rad1 Rd8 14. Be3 Qa5 15. Qb5 Qc7 16. Qb3 Bd7 17. Nb5 Qe5 18. a4 Qb8 19. Nd4 e5 20. Nb5 e4
21. Be2 a6 22. Nc3 Be6 23. Rxd8+ Bxd8 24. Bc4 Bxc4 25. Qxc4 Qc7 26. Qxc7 Bxc7 27. Rd1 Rc8 28. Bd4 Ba5 29. g3 h6 30. Bxf6 gxf6
31. Nxe4 Rxc2 32. Nxf6+ Kg7 33. Ne8+
1-0

[Event "World Cup Winners' Defence"]
[Site "SchemingMind.com"]
[Date "2018.10.15"]
[Round "-"]
[White "smothered mate"]
[Black "William Lindberg"]
[Result "1/2-1/2"]
[WhiteCountry "POL"]
[BlackCountry "USA"]
[WhiteElo "2251"]
[WhiteRD "82"]
[BlackElo "2523"]
[BlackRD "68"]
[GameID "433592"]

1. e4 e6 2. d4 d5 3. Nd2 c5 4. Ngf3 cxd4 5. exd5 Qxd5 6. Bc4 Qd6 7. O-O Nf6 8. Nb3 Nc6 9. Nbxd4 Nxd4 10. Nxd4 Qc7
11. Qe2 a6 12. Bg5 Be7 13. Rad1 O-O 14. Bb3 b5 15. Rfe1 Bd8 16. c3 Bb7 17. h3 h6 18. Bc1 Rc8 19. Nxe6 Qc6 20. Qf1 Re8
21. Nxd8 Rcxd8 22. Be3 Nd5 23. Bc1 Nf6 24. Rxe8+ Qxe8 25. Rxd8 Qxd8 26. Be3 Bd5 27. Qd3 Qd6 28. Bd4 Bxb3 29. axb3 Ne8 30. c4 Nc7
31. c5 Qd5 32. Qc3 f6 33. Bxf6 Ne6 34. Be7 Nf4 35. Qf3 Qxf3 36. gxf3 Kf7 37. Bd6 Nxh3+ 38. Kg2 Ng5 39. b4 Ke8 40. f4 Nf7
41. Be5 g6 42. Kf3 h5 43. Bf6 Nh6 44. c6 Nf5 45. b3 Nd6 46. Be5 Nc8 47. c7 Kd7 48. Kg3 Ne7 49. Kh4 Nf5+ 50. Kg5 Kc8
51. f3 Kd7 52. Bc3=
1/2-1/2

[Event "World Cup Winners' Defence"]
[Site "SchemingMind.com"]
[Date "2018.10.18"]
[Round "-"]
[White "William Lindberg"]
[Black "smothered mate"]
[Result "1-0"]
[WhiteCountry "USA"]
[BlackCountry "POL"]
[WhiteElo "2468"]
[WhiteRD "69"]
[BlackElo "2153"]
[BlackRD "88"]
[GameID "433593"]

1. e4 e6 2. d4 d5 3. Nc3 Nf6 4. Bg5 dxe4 5. Nxe4 Be7 6. Nxf6+ gxf6 7. Be3 Qd6 8. c3 e5 9. Nf3 Be6 10. Qa4+ c6
11. O-O-O e4 12. Nd2 b5 13. Qc2 f5 14. g4 fxg4 15. h3 g3 16. Nxe4 Qd5 17. b3 gxf2 18. c4 Qh5 19. Be2 Qg6 20. cxb5 Bf5
21. Bd3 cxb5 22. Nxf2 Bxd3 23. Nxd3 Na6 24. Rhg1 Qe6 25. Kb1 Rc8 26. Qd2 Qf5 27. Rde1 Bb4 28. Bg5+ Kd7 29. Re5 Bxd2 30. Rxf5 Rhg8
31. Ne5+ Ke8 32. Nxf7
1-0

[Event "World Cup Winners' Defence"]
[Site "SchemingMind.com"]
[Date "2018.10.13"]
[Round "-"]
[White "William Lindberg"]
[Black "flyinduck"]
[Result "1-0"]
[WhiteCountry "USA"]
[BlackCountry "CAN"]
[WhiteElo "2506"]
[WhiteRD "70"]
[BlackElo "1993"]
[BlackRD "51"]
[GameID "433598"]

1. e4 e6 2. d4 d5 3. e5 c5 4. c3 Nc6 5. Nf3 Qb6 6. Be2 cxd4 7. cxd4 Nh6 8. Nc3 Nf5 9. Na4 Bb4+ 10. Kf1 Qc7
11. g4 Nh6 12. Rg1 Bd7 13. a3 Be7 14. b4 f6 15. exf6 Bxf6 16. g5 O-O-O 17. gxf6 Nf5 18. fxg7 Rhg8 19. b5 Na5 20. Ne5 Kb8
21. Bf4
1-0

[Event "World Cup Winners' Defence"]
[Site "SchemingMind.com"]
[Date "2018.10.14"]
[Round "-"]
[White "flyinduck"]
[Black "William Lindberg"]
[Result "0-1"]
[WhiteCountry "CAN"]
[BlackCountry "USA"]
[WhiteElo "1993"]
[WhiteRD "51"]
[BlackElo "2506"]
[BlackRD "70"]
[GameID "433599"]

1. e4 e6 2. d4 d5 3. Nc3 Nf6 4. e5 Nfd7 5. Nce2 Be7 6. f4 O-O 7. Nf3 c5 8. c3 Nc6 9. a3 c4 10. b4 cxb3
11. Nd2 f6 12. g3 fxe5 13. dxe5 Ncxe5 14. fxe5 Qb6 15. Qxb3 Qe3 16. c4 Qf2+ 17. Kd1 Nc5 18. Qc3 Bd7 19. Bb2 Ba4+
0-1

[Event "World Cup Winners' Defence"]
[Site "SchemingMind.com"]
[Date "2018.10.13"]
[Round "-"]
[White "William Lindberg"]
[Black "Johnny Owens"]
[Result "1/2-1/2"]
[WhiteCountry "USA"]
[BlackCountry "USA"]
[WhiteElo "2510"]
[WhiteRD "68"]
[BlackElo "2319"]
[BlackRD "74"]
[GameID "433600"]

1. e4 e6 2. d4 d5 3. Nc3 dxe4 4. Nxe4 Nd7 5. Nf3 Ngf6 6. Nxf6+ Nxf6 7. c3 c5 8. Ne5 a6 9. Qa4+ Bd7 10. Nxd7 Qxd7
11. Qxd7+ Kxd7 12. dxc5 Bxc5 13. Be2 Rad8 14. Bf3 Kc7 15. Bf4+ Bd6 16. Bd2 e5 17. O-O-O Bc5 18. Rhf1 a5 19. Kc2 Rhe8 20. g4 h6
21. h4 a4 22. g5 hxg5 23. hxg5 Nd5 24. b4 axb3+ 25. axb3 b5 26. b4 Bb6 27. Be4 g6 28. Rh1 Rd7 29. Bc1 Red8 30. Rd2 Nf4
31. f3 Rxd2+ 32. Bxd2 Ng2 33. Rh7 Rd7 34. Bd3 Kc6 35. Rh2 Ne3+ 36. Bxe3 Bxe3 37. Rh8 Re7 38. Rc8+ Kb6 39. Rf8 Bxg5 40. Rb8+ Rb7
41. Rxb7+ Kxb7 42. Bxb5 f5 43. Be8 e4 44. fxe4 fxe4 45. Bxg6 e3 46. Kd3 e2 47. Kxe2 Bh4 48. Kd3 Bf6 49. Be4+ Ka7 50. Kc4 Be5
51. Kd3 Bg3 52. Kc4 Be5 53. Bd5 Bf6 54. Be6 Be5 55. Bh3 Bf6 56. Kb3 Be7 57. Bg2 Bd6 58. c4 Kb6 59. Bf1 Be7 60. Be2 Bd6=
61. Ka3 Be7 62. Ka4 Bd6 63. Bf3 Be7 64. Bd5 Bd6 65. Kb3 Be7 66. Kc3 Bf6+ 67. Kd3 Bg5 68. Ke4 Bh4 69. Be6 Bg5 70. Kd5 Bh4
71. b5 Bg5 72. Bd7 Be7 73. Ke6=
1/2-1/2

[Event "World Cup Winners' Defence"]
[Site "SchemingMind.com"]
[Date "2018.10.14"]
[Round "-"]
[White "Johnny Owens"]
[Black "William Lindberg"]
[Result "1/2-1/2"]
[WhiteCountry "USA"]
[BlackCountry "USA"]
[WhiteElo "2319"]
[WhiteRD "74"]
[BlackElo "2510"]
[BlackRD "68"]
[GameID "433601"]

1. e4 e6 2. d4 d5 3. e5 c5 4. c3 Nc6 5. Nf3 Qb6 6. a3 f6 7. Bd3 fxe5 8. dxe5 c4 9. Bc2 Nge7 10. Qe2 Ng6
11. O-O Be7 12. Bxg6+ hxg6 13. a4 O-O 14. Na3 Bd7 15. Nb5 Rf7 16. Be3 Qd8 17. h3 Rf5 18. Bd2 Bc5 19. Nbd4 Bxd4 20. cxd4 Qe7
21. Be3 Raf8 22. Nd2 b6 23. b3 cxb3 24. Nxb3 a5 25. Nc1 Qh4 26. Rd1 R5f7 27. Qd2 Qe4 28. Ne2 Nb4 29. Rdc1 Rc8 30. Rxc8+ Bxc8
31. Rc1 Bd7 32. f3 Qf5 33. Qd1 Qd3 34. Qxd3 Nxd3 35. Rb1 Nb4 36. Bd2 Bxa4 37. Bxb4 axb4 38. Rxb4 b5 39. Nc1 Rc7 40. Nd3 Rc4
41. h4 Kf7 42. Kf2 Rc2+ 43. Kf1 g5 44. hxg5 Kg6 45. Nc5 Kf5 46. g6 Ra2 47. Kg1 Rc2 48. Nxa4 bxa4 49. Rxa4 Kxg6 50. g3 Rd2
51. Kf1=
1/2-1/2

[Event "World Cup Winners' Defence"]
[Site "SchemingMind.com"]
[Date "2018.10.15"]
[Round "-"]
[White "William Lindberg"]
[Black "Keithk"]
[Result "1/2-1/2"]
[WhiteCountry "USA"]
[BlackCountry "ENG"]
[WhiteElo "2503"]
[WhiteRD "67"]
[BlackElo "2544"]
[BlackRD "64"]
[GameID "433602"]

1. e4 e6 2. d4 d5 3. Nd2 c5 4. exd5 exd5 5. Ngf3 Nf6 6. Bb5+ Bd7 7. Bxd7+ Nbxd7 8. O-O Be7 9. dxc5 Nxc5 10. Nb3 Nce4
11. Qd3 O-O 12. Be3 Re8 13. Bd4 Bd6 14. Rfe1 Re6 15. Bxf6 Nxf6 16. Nfd4 Re7 17. Rxe7 Bxe7 18. c3 Qd7 19. Re1 g6 20. g3 a6
21. Nf3 Re8 22. Kg2 Kg7 23. Ne5 Qa4 24. Qd4 Qxd4 25. Nxd4 Bd8 26. Kf1 Bb6 27. f3 Re7 28. Nd3 Rxe1+ 29. Kxe1 Kf8 30. a3 Ke7
31. a4 Kd6 32. b4 Nd7 33. Kd2 Ba7 34. Ke2 f6 35. Nb3 Bb6 36. g4 Bg1 37. h3 Nb6 38. Nbc5 Kc6 39. a5 Nd7 40. Nxd7 Kxd7
41. f4 Kc6 42. Ne1 Ba7 43. Nf3 Kd6 44. Kd2 Bf2 45. Ke2 Ba7 46. Kd2 Bf2 47. Ke2 Bg3 48. Ke3 Ke7 49. h4 h5 50. gxh5 gxh5
51. Nd4 Be1 52. Kd3 Kd7 53. Nf5 Ke6 54. Nd4+ Kd6 55. Nf5+=
1/2-1/2

[Event "World Cup Winners' Defence"]
[Site "SchemingMind.com"]
[Date "2018.10.16"]
[Round "-"]
[White "Keithk"]
[Black "William Lindberg"]
[Result "1-0"]
[WhiteCountry "ENG"]
[BlackCountry "USA"]
[WhiteElo "2544"]
[WhiteRD "64"]
[BlackElo "2503"]
[BlackRD "67"]
[GameID "433603"]

1. e4 e6 2. d4 d5 3. Nc3 Nf6 4. e5 Nfd7 5. f4 c5 6. Nf3 Nc6 7. Be3 Be7 8. Qd2 O-O 9. dxc5 Nxc5 10. O-O-O b6
11. Kb1 Bb7 12. Qe1 Qe8 13. f5 exf5 14. Nxd5 Rd8 15. Bb5 Ne4 16. Rd3 Rd7 17. Rf1 Qc8 18. Qe2 Ba6 19. a4 Bxb5 20. axb5 Na5
21. Nd2 Nc4 22. Nxe4 fxe4 23. Rdd1 Nxe3 24. Qxe3 a6 25. Qxe4 Ra7 26. e6 Qxe6 27. Qxe6 fxe6 28. Nxe7+ Rxe7 29. Rxf8+ Kxf8 30. bxa6 Ra7
31. Rd6 Rxa6 32. Rxe6 Kf7 33. Rc6 Ke7 34. b4 Kd7 35. b5 Ra3 36. Rxb6 Re3 37. Rb7+ Kd6 38. Rxg7 Re4 39. Rg5 Kc7 40. Kb2 Kb6
41. Rh5 Ka5 42. Kb3 Re8 43. c3 Re2 44. c4 Re3+ 45. Kc2 Re6 46. Rxh7 Kb4 47. Rc7 Rh6 48. Kd3 Rd6+ 49. Ke4 Rg6 50. g3 Rh6
51. h4 Rf6 52. g4 Rh6 53. h5 Ka5 54. Rc6 Rh8 55. h6 Kb4 56. b6 Rh7 57. g5 Re7+ 58. Kf5 Rf7+ 59. Kg6
1-0

[Event "World Cup Winners' Defence"]
[Site "SchemingMind.com"]
[Date "2018.10.20"]
[Round "-"]
[White "smothered mate"]
[Black "Aleksandr Frenkel"]
[Result "1/2-1/2"]
[WhiteCountry "POL"]
[BlackCountry "USA"]
[WhiteElo "2153"]
[WhiteRD "88"]
[BlackElo "2145"]
[BlackRD "74"]
[GameID "433626"]

1. e4 e6 2. d4 d5 3. Nc3 Nf6 4. Bg5 dxe4 5. Nxe4 Be7 6. Nxf6+ Bxf6 7. Bxf6 Qxf6 8. c3 O-O 9. Nf3 b6 10. Bd3 Bb7
11. Qc2 Bxf3 12. gxf3 Qh6 13. Be4 c6 14. Qe2 f5 15. Bc2 Nd7 16. Bb3 Rf6 17. h4 a5 18. a4 Kh8 19. Qe3 e5 20. Qxh6 Rxh6
21. O-O-O exd4 22. Rxd4 Ne5 23. Rhd1 g6 24. f4 Ng4 25. Rd8+ Rxd8 26. Rxd8+ Kg7 27. Rg8+ Kf6 28. f3 Nf2 29. Rc8 c5 30. Kd2 Rxh4
31. Ke3 Nh3 32. Rc6+ Kg7 33. Rxb6 Nxf4 34. Rc6 Ng2+ 35. Kf2 Nf4 36. Ke3 Ng2+ 37. Kf2 Nf4 38. Ke3=
1/2-1/2

[Event "World Cup Winners' Defence"]
[Site "SchemingMind.com"]
[Date "2018.10.20"]
[Round "-"]
[White "Aleksandr Frenkel"]
[Black "smothered mate"]
[Result "0-1"]
[WhiteCountry "USA"]
[BlackCountry "POL"]
[WhiteElo "2143"]
[WhiteRD "72"]
[BlackElo "2229"]
[BlackRD "85"]
[GameID "433627"]

1. e4 e6 2. d4 d5 3. Nd2 c5 4. Ngf3 cxd4 5. Nxd4 Nf6 6. exd5 Qxd5 7. Nb5 Na6 8. Nc3 Qd8 9. a3 Be7 10. Bb5+ Bd7
11. Bxa6 bxa6 12. Qe2 O-O 13. O-O Bc6 14. Qxa6 Qc7 15. Re1 Ng4 16. g3 Bc5 17. Nd1 Rad8 18. Qe2 f5 19. b4 Bd4 20. c3 Bf6
21. b5 Ba8 22. Qc4 Qb7 23. Qc6 Qb8 24. Qxe6+ Kh8 25. Qxf5 Ne5 26. Re3 Nc4 27. Rd3 Bd4 28. Qxf8+ Rxf8 29. cxd4 Qxb5 30. Nxc4 Qxc4
31. Re3 Qc6 32. f3 h5 33. Rc3 Qd5 34. Bf4 Qxd4+ 35. Be3 Qd5 36. Bf2 Rxf3 37. Rxf3 Qxf3 38. Kf1 Qh1+ 39. Ke2 Bf3+ 40. Kd2 Qf1
41. Bxa7 Qe2+ 42. Kc3 Qe5+
0-1

[Event "World Cup Winners' Defence"]
[Site "SchemingMind.com"]
[Date "2018.10.20"]
[Round "-"]
[White "Aleksandr Frenkel"]
[Black "white bishop"]
[Result "1-0"]
[WhiteCountry "USA"]
[BlackCountry "PHI"]
[WhiteElo "2166"]
[WhiteRD "71"]
[BlackElo "1965"]
[BlackRD "84"]
[GameID "433629"]

1. e4 e6 2. d4 d5 3. Nd2 c5 4. Ngf3 cxd4 5. Nxd4 Nf6 6. exd5 Qxd5 7. Nb5 Qd8 8. Nc4 Nd5 9. Ne3 a6 10. Nxd5 exd5
11. Nd4 Be7 12. Be2
1-0